000
00215 a2200097 4500
001
15068
100
_a
Houston & Bates R
245
_a
K2 the savage mountain
260
_a
London
_b
Collins
_c
090
_c
11823
_d
11823
942
_a
NUST-CAE
_c
M
_c
2029
999
_c
250141
_d
250141